000 00610nam a2200229Ia 4500
003 OSt
005 20220918185855.0
006 a|||||r|||| 00| 0
007 ta
008 220917b |||||||| |||| 00| 0 eng d
024 _a53,189
037 _cTextual
040 _aARTS
_cARTS
_beng
041 _2eng
_aeng
082 _aP15, 111G81 (EPS)
100 _aRajguru D K
_970608
245 0 _aManual of Sanskrit grammar
260 _aBombay
_bKeshav Bhikaji Dhawale
_c1957
650 _aLINGUISTICS
942 _hP15, 111G81 (EPS)
_cTEXL
_2CC
999 _c182493
_d182493